US States and Governors by Picture - Statistics

General Stats
  • This quiz has been taken 28 times
  • The average score is 60 of 100
Answer Stats
Picture Hint Answer % Correct
---------------D--------------- Gretchen Whitmer
91%
---------------D--------------- Michigan
91%
---------------R--------------- Alabama
82%
---------------D--------------- California
82%
---------------R--------------- Florida
82%
---------------D--------------- Gavin Newsom
82%
---------------D--------------- Minnesota
82%
---------------D--------------- New York
82%
---------------D--------------- Pennsylvania
82%
---------------D--------------- Tim Walz
82%
---------------D--------------- Andy Beshear
73%
---------------D--------------- Arizona
73%
---------------R--------------- Arkansas
73%
---------------D--------------- Colorado
73%
---------------R--------------- Greg Abbott
73%
---------------D--------------- Illinois
73%
---------------D--------------- JB Pritzker
73%
---------------D--------------- Josh Shapiro
73%
---------------D--------------- Kentucky
73%
---------------D--------------- Maryland
73%
---------------R--------------- Ron DeSantis
73%
---------------R--------------- South Carolina
73%
---------------R--------------- Texas
73%
---------------R--------------- Vermont
73%
---------------D--------------- Wes Moore
73%
---------------D--------------- Abigail Spanberger
64%
---------------R--------------- Alaska
64%
---------------R--------------- Brian Kemp
64%
---------------D--------------- Connecticut
64%
---------------D--------------- Delaware
64%
---------------R--------------- Georgia
64%
---------------D--------------- Hawaii
64%
---------------R--------------- Indiana
64%
---------------R--------------- Iowa
64%
---------------D--------------- Jared Polis
64%
---------------D--------------- Kansas
64%
---------------D--------------- Kathy Hochul
64%
---------------R--------------- Kay Ivey
64%
---------------R--------------- Louisiana
64%
---------------D--------------- Maine
64%
---------------D--------------- Massachusetts
64%
---------------D--------------- Maura Healey
64%
---------------R--------------- Mississippi
64%
---------------R--------------- Montana
64%
---------------R--------------- Nevada
64%
---------------R--------------- New Hampshire
64%
---------------D--------------- New Jersey
64%
---------------D--------------- New Mexico
64%
---------------D--------------- North Carolina
64%
---------------R--------------- Ohio
64%
---------------D--------------- Oregon
64%
---------------D--------------- Rhode Island
64%
---------------R--------------- Sarah Huckabee Sanders
64%
---------------R--------------- Tate Reeves
64%
---------------R--------------- Utah
64%
---------------D--------------- Virginia
64%
---------------R--------------- West Virginia
64%
---------------D--------------- Wisconsin
64%
---------------R--------------- Wyoming
64%
---------------R--------------- Bill Lee
55%
---------------R--------------- Henry McMaster
55%
---------------R--------------- Idaho
55%
---------------D--------------- Janet Mills
55%
---------------D--------------- Josh Green
55%
---------------D--------------- Katie Hobbs
55%
---------------R--------------- Kelly Ayotte
55%
---------------R--------------- Kim Reynolds
55%
---------------R--------------- Mike Braun
55%
---------------R--------------- Mike DeWine
55%
---------------D--------------- Mikie Sherril
55%
---------------R--------------- Missouri
55%
---------------R--------------- Nebraska
55%
---------------D--------------- Ned Lamont
55%
---------------R--------------- North Dakota
55%
---------------R--------------- Oklahoma
55%
---------------R--------------- Phil Scott
55%
---------------R--------------- South Dakota
55%
---------------R--------------- Tennessee
55%
---------------D--------------- Tony Evers
55%
---------------D--------------- Washington
55%
---------------D--------------- Daniel McKee
45%
---------------R--------------- Greg Gianforte
45%
---------------R--------------- Jeff Landry
45%
---------------R--------------- Joe Lombardo
45%
---------------D--------------- Josh Stein
45%
---------------D--------------- Laura Kelly
45%
---------------R--------------- Mark Gordon
45%
---------------D--------------- Michelle Lujan Grisham
45%
---------------R--------------- Patrick Morrisey
45%
---------------R--------------- Spencer Cox
45%
---------------D--------------- Tina Kotek
45%
---------------D--------------- Bob Ferguson
36%
---------------R--------------- Jim Pillen
36%
---------------R--------------- Kevin Stitt
36%
---------------D--------------- Matt Meyer
36%
---------------R--------------- Mike Dunleavy
36%
---------------R--------------- Mike Kehoe
36%
---------------R--------------- Brad Little
27%
---------------R--------------- Kelly Armstrong
27%
---------------R--------------- Larry Rhoden
27%
No matching quizzes found
Score Distribution
Percent of People with Each Score
Percentile by Number Answered
Your Score History
You have not taken this quiz